Science Quiz

Random Science or Chemistry Quiz
Score 0/28 Timer 06:00
0 Plays Today
Hint Answer % Correct
Language spokenEnglish
91.8%
NationalitySwedish
89.8%
First & last nameAlfred Nobel
87.8%
Main branch of scienceChemistry
85.7%
Award categoryChemistry
85.7%
Language spokenSwedish
83.7%
Language spokenFrench
83.7%
Language spokenGerman
83.7%
Award categoryPhysics
81.6%
Award categoryPeace
77.6%
Most famous inventionDynamite
75.5%
Award categoryLiterature
75.5%
Element named for himNobelium
67.3%
Number of patents (nearest hundred)355
65.3%
Hint Answer % Correct
Award categoryPhysiology or Medicine
63.3%
Language spokenRussian
59.2%
Award establishedNobel Prize
53.1%
Language spokenItalian
53.1%
Year of death1896
51%
Year first awarded1901
51%
Year award established1895
49%
Final resting place (City)Stockholm
49%
Year of birth1833
44.9%
Year patented1867
38.8%
% of will dedicated to funding the award94%
32.7%
Place of death (Country)Italy
24.5%
Cause of deathStroke
16.3%
Full nameAlfred Bernhard Nobel
10.2%

You're not logged in!

Compare scores with friends on all Sporcle quizzes.
OR
Log In

Sporcle TV

Today on Sporcle TV


Watch our educational content, quiz creation guides, and fun videos on Sporcle TV.

Show Comments

Extras

Top Quizzes Today


Score Distribution

Paid Content

Your Account Isn't Verified!

In order to create a playlist on Sporcle, you need to verify the email address you used during registration. Go to your Sporcle Settings to finish the process.

Report this User

Report this user for behavior that violates our Community Guidelines.

Details: